BUBT Library Online Catalog

Sociology: (Record no. 6900)

000 -LEADER
fixed length control field 00680nam a22002177a 4500
003 - CONTROL NUMBER IDENTIFIER
control field BUBTL
008 - FIXED-LENGTH DATA ELEMENTS--GENERAL INFORMATION
fixed length control field 230105b ||||| |||| 00| 0 eng d
020 ## - INTERNATIONAL STANDARD BOOK NUMBER
International Standard Book Number 9789390727513
082 ## - DEWEY DECIMAL CLASSIFICATION NUMBER
Classification number 301/ Sch131s/ 2019
100 ## - MAIN ENTRY--PERSONAL NAME
9 (RLIN) 3021
Personal name Schaefer, Richard T.
245 ## - TITLE STATEMENT
Title Sociology:
Remainder of title a brief introduction /
Statement of responsibility, etc. Richard T. Schaefer
250 ## - EDITION STATEMENT
Edition statement 13th Edn
260 ## - PUBLICATION, DISTRIBUTION, ETC. (IMPRINT)
Place of publication, distribution, etc. India:
Name of publisher, distributor, etc. McGraw Hill Education(India) Private Limited,
Date of publication, distribution, etc. c2019
300 ## - PHYSICAL DESCRIPTION
Extent xxiv, 470 p.:
Other physical details ills.;
Dimensions 28 cm.
500 ## - GENERAL NOTE
General note Includes Index
505 ## - FORMATTED CONTENTS NOTE
Formatted contents note Sociology, Richard T. Schaefer, Economics
650 #0 - SUBJECT ADDED ENTRY--TOPICAL TERM
9 (RLIN) 2986
Topical term or geographic name as entry element Sociology
856 ## - ELECTRONIC LOCATION AND ACCESS
Password 0
Logon 0
Link text Download
942 ## - ADDED ENTRY ELEMENTS (KOHA)
Source of classification or shelving scheme
Koha item type Books
Holdings
Withdrawn status Lost status Source of classification or shelving scheme Damaged status Not for loan Collection code Permanent location Current location Shelving location Date acquired Source of acquisition Inventory number Total Checkouts Full call number Barcode Date last seen Copy number Price effective from Koha item type
          Non-fiction Bangladesh University of Business and Technology Library Bangladesh University of Business and Technology Library Economics Stacks 12/28/2022 Purchase 29226   301/ Sch131s/ 2019 BUBTL-200329226 01/05/2023 C-1 01/05/2023 Books
          Non-fiction Bangladesh University of Business and Technology Library Bangladesh University of Business and Technology Library Economics Stacks 12/28/2022 Purchase 29227   301/ Sch131s/ 2019 BUBTL-200329227 01/05/2023 C-2 01/05/2023 Books
          Non-fiction Bangladesh University of Business and Technology Library Bangladesh University of Business and Technology Library Economics Stacks 12/28/2022 Purchase 29228   301/ Sch131s/ 2019 BUBTL-200329228 01/05/2023 C-3 01/05/2023 Books
        Not For Loan Non-fiction Bangladesh University of Business and Technology Library Bangladesh University of Business and Technology Library Economics Stacks 12/28/2022 Purchase 29229   301/ Sch131s/ 2019 BUBTL-200329229 01/05/2023 C-4 01/05/2023 Books
        Not For Loan Non-fiction Bangladesh University of Business and Technology Library Bangladesh University of Business and Technology Library Economics Stacks 12/28/2022 Purchase 29230   301/ Sch131s/ 2019 BUBTL-200329230 01/05/2023 C-5 01/05/2023 Books

More Information About Library

Library Hours

  • Open: 9.00 am. to 9.00 pm.
  • Only Sunday: 9.00 am. to 6.00 pm.
  • Closed: Holiday

Contact to the University

Bangladesh University of Business and Technology Library

  • Mirpurl-2, 1216.
  • Phone:
  • Fax:
  • E-Mail: admin.library@bubt.edu.bd

Contact to the Library

Contact Person:

Md. Abdul Hakim Shah
Joint Librarian
PABX No:  113
Cell No: 01816332931
E-mail: official: admin.library@bubt.edu.bd
Personal: hakim.shah@bubt.edu.bd


BUBT Library

Copyright © 2021